|
|
|
|
| LEADER |
01515nam a2200385 i 4500 |
| 001 |
EBC5783148 |
| 003 |
MiAaPQ |
| 005 |
20200520144314.0 |
| 006 |
m o d | |
| 007 |
cr cnu|||||||| |
| 008 |
190612s1957 gw o 001 0 ger d |
| 020 |
|
|
|a 9783111364940 (e-book)
|
| 035 |
|
|
|a (MiAaPQ)EBC5783148
|
| 035 |
|
|
|a (Au-PeEL)EBL5783148
|
| 035 |
|
|
|a (OCoLC)1104081858
|
| 040 |
|
|
|a MiAaPQ
|b eng
|e rda
|e pn
|c MiAaPQ
|d MiAaPQ
|
| 050 |
|
4 |
|a QA21
|b .H646 1957
|
| 082 |
0 |
|
|a 510.9
|2 23
|
| 100 |
1 |
|
|a Hofmann, Joseph Ehrenfried,
|d 1900-1973,
|e author.
|
| 245 |
1 |
0 |
|a Geschichte der Mathematik.
|n Zweiter Teil,
|p Von Fermat und Descartes Bis Zur Erfindung des Calculus und Bis Zum Ausbau der Neuen Methoden /
|c Joseph Ehrenfried Hofmann.
|
| 264 |
|
1 |
|a Berlin :
|b Walter de Gruyter & Co.,
|c [1957]
|
| 264 |
|
4 |
|c 1957
|
| 300 |
|
|
|a 1 online resource (128 pages).
|
| 336 |
|
|
|a text
|b txt
|2 rdacontent
|
| 337 |
|
|
|a computer
|b c
|2 rdamedia
|
| 338 |
|
|
|a online resource
|b cr
|2 rdacarrier
|
| 490 |
1 |
|
|a Sammlung Goschen ;
|v Band 875
|
| 500 |
|
|
|a Includes index.
|
| 588 |
|
|
|a Description based on print version record.
|
| 590 |
|
|
|a Electronic reproduction. Ann Arbor, MI : ProQuest, 2018. Available via World Wide Web. Access may be limited to ProQuest affiliated libraries.
|
| 650 |
|
0 |
|a Mathematics
|x History.
|
| 655 |
|
4 |
|a Electronic books.
|
| 797 |
2 |
|
|a ProQuest (Firm)
|
| 830 |
|
0 |
|a Sammlung Goschen ;
|v Band 875.
|
| 856 |
4 |
0 |
|u https://ebookcentral.proquest.com/lib/matrademy/detail.action?docID=5783148
|z Click to View
|